000 00447nam a22001817a 4500
003 OSt
005 20220224111544.0
008 220224b |||||||| |||| 00| 0 eng d
020 _a0913462071
040 _cHU
082 _a574
100 _aRICKLEFS ROBERT E.
_91950
245 _aECOLOGY
250 _a2 Edition
260 _aNEW YORK
_bCHIRON PRESS INCORPORATED
_c1979
300 _aXI, 966P.INDEX
_bILL HC
_c26cm.
942 _2ddc
_cBOOKS
_n0
999 _c31566
_d31566